Numbers in German 1 - 100 - Estadísticas

Estadísticas generales
  • Esta prueba ha sido intentada 20 veces
  • La puntuación promedio es 22 de 29
Estadísticas de respuestas
Hint Respuesta % Correcto
2 zwei
89%
8 acht
84%
1 eins
84%
5 funf
84%
9 neun
84%
0 null
84%
7 sieben
84%
4 vier
84%
80 achtzig
79%
3 drei
79%
50 funfzig
79%
90 neunzig
79%
6 sechs
79%
60 sechzig
79%
70 siebzig
79%
40 vierzig
79%
10 zehn
79%
20 zwanzig
79%
18 achtzehn
74%
13 dreizehn
74%
15 funfzehn
74%
19 neunzehn
74%
16 sechzehn
74%
17 siebzehn
74%
14 vierzehn
74%
11 elf
68%
12 zwolf
68%
30 dreissig
63%
100 einhundert
58%
No se encontraron pruebas coincidentes
Distribución de puntuación
Porcentaje de gente con cada puntuación
Porcentaje por número respondido
Historial de tus puntuaciones
No has intentado esta prueba.